[Event "EIBCC 2019"]
[Site "Tallinn"]
[Date "2019.12.07"]
[Round "22.9"]
[White "Usmanov, Vasily"]
[Black "Ziska, Helgi Dam"]
[Result "1/2-1/2"]
[WhiteElo "2495"]
[BlackElo "2614"]
[Annotator "ChessBase"]
[PlyCount "72"]
[EventDate "2019.12.06"]
[EventType "swiss"]
[EventCountry "EST"]
[SourceTitle "playchess.com"]
[Source "ChessBase"]
[SourceQuality "1"]

1. d4 Nf6 2. g3 g6 3. Bg2 Bg7 4. e4 d6 5. Ne2 O-O 6. O-O e5 7. Nbc3 c6 8. h3 b5 9. a3 Nbd7 10. Be3 Bb7 11. g4 Re8 12. Ng3 Nb6 13. d5 cxd5 14. exd5 a6 15. g5 Nfd7 16. Nge4 Qc7 17. Qg4 Nxd5 18. Nxd5 Bxd5 19. Rfd1 Be6 20. Qe2 d5 21. Nf6+ Nxf6 22. gxf6 Bxf6 23. Bxd5 Rac8 24. c3 Bg7 25. Bxe6 Rxe6 26. Rd5 Qc4 27. Qxc4 bxc4 28. Rad1 f5 29. f3 Bf6 30. Rd7 Rb8 31. Rc7 f4 32. Bc5 Bd8 33. Ra7 Rc6 34. Bf2 Bb6 35. Bxb6 Rcxb6 36. Rdd7 Rxb2 1/2-1/2

[Event "EIBCC 2019"]
[Site "Tallinn"]
[Date "2019.12.07"]
[Round "22.10"]
[White "Ruck, Robert"]
[Black "Smirnov, Artem"]
[Result "1-0"]
[WhiteElo "2541"]
[BlackElo "2283"]
[Annotator "ChessBase"]
[PlyCount "135"]
[EventDate "2019.12.06"]
[EventType "swiss"]
[EventCountry "EST"]
[SourceTitle "playchess.com"]
[Source "ChessBase"]
[SourceQuality "1"]

1. Nf3 Nf6 2. c4 e6 3. Nc3 Bb4 4. Qc2 c5 5. a3 Bxc3 6. Qxc3 O-O 7. e3 d6 8. Be2 Nc6 9. O-O e5 10. b4 Bg4 11. h3 Bh5 12. d3 Qe7 13. Bb2 Rfe8 14. Rfe1 b6 15. Nd2 Bxe2 16. Rxe2 Rad8 17. Qb3 h6 18. Rf1 Qe6 19. Bc3 Ne7 20. Qb2 Ng6 21. Ree1 Qf5 22. Qc2 Nh4 23. Kh2 Qg6 24. g3 Nf5 25. e4 Nd4 26. Bxd4 cxd4 27. Nf3 Nh7 28. Qe2 Qe6 29. Kg2 f5 30. exf5 Qxf5 31. Qe4 Qxe4 32. Rxe4 Nf6 33. Re2 Kf7 34. Rfe1 Nd7 35. Nd2 Re6 36. Ne4 Nf6 37. Nd2 Nd7 38. Ne4 Nf6 39. Nd2 Rde8 40. Nb3 d5 41. c5 R8e7 42. Rc2 Re8 43. cxb6 axb6 44. a4 Ra8 45. a5 bxa5 46. bxa5 Re7 47. Ra2 Ra6 48. Nc5 Rc6 49. a6 Rxc5 50. a7 Rc8 51. a8=Q Rxa8 52. Rxa8 e4 53. Ra4 Rc7 54. Rxd4 Rc2 55. Kf1 Ke6 56. dxe4 dxe4 57. Re2 Rc1+ 58. Kg2 Ke5 59. Ra4 Rc5 60. Rea2 Rc3 61. Ra5+ Ke6 62. Ra7 g5 63. R7a6+ Kf5 64. R2a5+ Kg6 65. Rb5 Rf3 66. Re5 Kg7 67. Re7+ Kg6 68. Rxe4 1-0

[Event "EIBCC 2019"]
[Site "Tallinn"]
[Date "2019.12.07"]
[Round "22.11"]
[White "Gretarsson, Helgi Ass"]
[Black "Nguyen, Thai Dai Van"]
[Result "1-0"]
[WhiteElo "2523"]
[BlackElo "2419"]
[Annotator "ChessBase"]
[PlyCount "89"]
[EventDate "2019.12.06"]
[EventType "swiss"]
[EventCountry "EST"]
[SourceTitle "playchess.com"]
[Source "ChessBase"]
[SourceQuality "1"]

1. d4 Nf6 2. c4 e6 3. Nc3 Bb4 4. Qc2 d5 5. cxd5 exd5 6. Bg5 h6 7. Bh4 g5 8. Bg3 Nc6 9. e3 h5 10. Bb5 h4 11. Be5 O-O 12. Bxc6 bxc6 13. Nf3 Ne4 14. h3 Bf5 15. Qc1 f6 16. Bh2 c5 17. O-O Bxc3 18. bxc3 c4 19. Ne1 Qd7 20. f3 Ng3 21. Bxg3 hxg3 22. Nc2 Rae8 23. e4 dxe4 24. fxe4 Bxe4 25. Ne3 Bd3 26. Rf3 Qd6 27. Qe1 f5 28. Qxg3 Qxg3 29. Rxg3 Kf7 30. Nd5 Be4 31. Nxc7 Re7 32. Nb5 Kf6 33. Nd6 Bd5 34. Nxf5 Re4 35. Rf1 Rf4 36. Ne3 Bb7 37. Rb1 Be4 38. Rb5 Bd3 39. Rgxg5 Ke6 40. Rge5+ Kd6 41. Rbd5+ Kc6 42. Re6+ Kc7 43. Rg5 R8f7 44. Nd5+ Kd7 45. Nxf4 1-0

[Event "EIBCC 2019"]
[Site "Tallinn"]
[Date "2019.12.07"]
[Round "22.12"]
[White "Lazavik, Denis"]
[Black "Mamedov, Rauf"]
[Result "0-1"]
[WhiteElo "2222"]
[BlackElo "2670"]
[Annotator "ChessBase"]
[PlyCount "204"]
[EventDate "2019.12.06"]
[EventType "swiss"]
[EventCountry "EST"]
[SourceTitle "playchess.com"]
[Source "ChessBase"]
[SourceQuality "1"]

1. d4 d5 2. c4 e6 3. Nf3 Nf6 4. Nc3 Nbd7 5. cxd5 exd5 6. Bg5 h6 7. Bh4 c6 8. e3 g5 9. Bg3 Nh5 10. Bd3 Nxg3 11. hxg3 Bg7 12. Qc2 Nb6 13. O-O-O Be6 14. Nd2 Qe7 15. f3 O-O-O 16. g4 Kb8 17. Nf1 Rc8 18. Ng3 c5 19. Nf5 Bxf5 20. Bxf5 Qxe3+ 21. Kb1 cxd4 22. Bxc8 dxc3 23. Bf5 Nc4 24. Rd3 Qb6 25. Qb3 Nd2+ 26. Rxd2 Qxb3 27. axb3 cxd2 28. Rd1 Rd8 29. Rxd2 Kc7 30. Re2 Bf6 31. Kc2 Kd6 32. b4 Ra8 33. Rd2 Rd8 34. Re2 Ra8 35. Rd2 Rb8 36. Be4 d4 37. Kb3 Be5 38. Rc2 a6 39. Rc5 f6 40. Rd5+ Kc7 41. Rc5+ Kb6 42. Rc2 Rd8 43. Rd2 Rh8 44. Bg6 Kc7 45. Rc2+ Kb6 46. Rd2 a5 47. bxa5+ Kxa5 48. Rd1 Kb6 49. Ra1 Rd8 50. Bd3 Re8 51. Re1 Rh8 52. Bg6 Ra8 53. Bd3 Kc5 54. Rc1+ Kd6 55. Rh1 Rh8 56. Be4 Kc5 57. Rc1+ Kb6 58. Rh1 Rd8 59. Bd3 Rh8 60. Be4 Bf4 61. Kc4 Be5 62. Kb3 Kc7 63. Rc1+ Kd6 64. Rh1 Bf4 65. Bd3 Be3 66. Be4 Ke5 67. Kc4 Kf4 68. Bxb7 Rb8 69. Be4 Rxb2 70. Rxh6 Rxg2 71. Rxf6+ Kg3 72. Rf5 Rg1 73. Rd5 Rc1+ 74. Kb3 Kf2 75. Kb2 Rc8 76. Rd7 Ke2 77. Rd5 Kd2 78. Rd7 Ke2 79. Rd5 Bc1+ 80. Kb3 Rc3+ 81. Kb4 Be3 82. Rd7 Kd2 83. Rd8 Rc7 84. Kb3 Rc3+ 85. Kb4 d3 86. Rd5 Bf4 87. Rd7 Be5 88. Rd5 Bf6 89. f4 gxf4 90. g5 Be7+ 91. Kb5 Ke3 92. Bf5 Bxg5 93. Bg4 Bf6 94. Rd6 Bd4 95. Re6+ Kd2 96. Re4 Be3 97. Re5 Ke1 98. Kb4 Rc1 99. Rh5 d2 100. Rh1+ Kf2 101. Rd1 Rxd1 102. Bxd1 Ke1 0-1

[Event "EIBCC 2019"]
[Site "Tallinn"]
[Date "2019.12.07"]
[Round "22.13"]
[White "Riazantsev, Alexander"]
[Black "Papasimakopoulos, Alexandros"]
[Result "1-0"]
[WhiteElo "2635"]
[BlackElo "2356"]
[Annotator "ChessBase"]
[PlyCount "115"]
[EventDate "2019.12.06"]
[EventType "swiss"]
[EventCountry "EST"]
[SourceTitle "playchess.com"]
[Source "ChessBase"]
[SourceQuality "1"]

1. d4 Nf6 2. c4 e6 3. Nf3 b6 4. a3 d5 5. Nc3 Bb7 6. Bg5 Be7 7. e3 O-O 8. Qc2 Nbd7 9. cxd5 exd5 10. Bd3 h6 11. h4 c5 12. O-O-O Re8 13. Bf5 Nf8 14. Ne5 hxg5 15. hxg5 Ne4 16. Nxe4 dxe4 17. Rh8+ Kxh8 18. Nxf7+ Kg8 19. Nxd8 Raxd8 20. dxc5 Rxd1+ 21. Qxd1 Bxc5 22. Qb3+ Kh8 23. Qf7 Re5 24. Qxb7 Rxf5 25. Qxe4 Rxg5 26. b4 Bd6 27. g4 a5 28. f4 Rxg4 29. Qh1+ Nh7 30. Qd1 Rg6 31. f5 Rf6 32. e4 axb4 33. axb4 Nf8 34. Qd4 Nd7 35. Kc2 b5 36. Kb3 Rh6 37. Qd3 Nf6 38. Qxb5 Rh3+ 39. Ka4 Re3 40. Qb6 Rd3 41. Qc6 Rd4 42. e5 Bxe5 43. Kb3 Rd3+ 44. Ka2 Rd2+ 45. Kb3 Rd3+ 46. Ka2 Kh7 47. b5 Nd5 48. Qg6+ Kg8 49. Qe8+ Kh7 50. Qxe5 Nb4+ 51. Kb2 Rd5 52. Qe4 Rxb5 53. f6+ g6 54. Qh4+ Kg8 55. Qc4+ Rd5 56. Qxb4 Rf5 57. Qe7 g5 58. Qg7# 1-0

[Event "EIBCC 2019"]
[Site "Tallinn"]
[Date "2019.12.07"]
[Round "22.14"]
[White "Yuffa, Daniil"]
[Black "Kukk, Sander"]
[Result "1/2-1/2"]
[WhiteElo "2582"]
[BlackElo "2312"]
[Annotator "ChessBase"]
[PlyCount "90"]
[EventDate "2019.12.06"]
[EventType "swiss"]
[EventCountry "EST"]
[SourceTitle "playchess.com"]
[Source "ChessBase"]
[SourceQuality "1"]

1. d4 g6 2. e4 Bg7 3. Nc3 d6 4. Nf3 Nf6 5. Be2 O-O 6. O-O Bg4 7. Be3 Nbd7 8. h3 Bxf3 9. Bxf3 e5 10. g3 Re8 11. Re1 c6 12. a4 Qc7 13. Bg2 Rad8 14. a5 d5 15. exd5 Nxd5 16. Nxd5 cxd5 17. Bxd5 exd4 18. Bg5 Rxe1+ 19. Qxe1 Nf6 20. Bxf6 Bxf6 21. Qe4 b6 22. axb6 axb6 23. Bb3 d3 24. c3 d2 25. Rd1 Qd6 26. Kg2 Kg7 27. h4 h5 28. Bc4 Rd7 29. Bb3 Re7 30. Qd5 Qxd5+ 31. Bxd5 g5 32. hxg5 Bxg5 33. f4 Bh6 34. Rxd2 h4 35. gxh4 Bxf4 36. Rf2 Bc1 37. c4 f6 38. b4 Be3 39. Re2 Bc5 40. Rxe7+ Bxe7 41. c5 bxc5 42. b5 c4 43. Bxc4 Bc5 44. Kf3 Kh6 45. Kg4 f5+ 1/2-1/2

[Event "EIBCC 2019"]
[Site "Tallinn"]
[Date "2019.12.07"]
[Round "22.15"]
[White "Mickevicius, Juras"]
[Black "Hjartarson, Johann"]
[Result "1-0"]
[WhiteElo "2295"]
[BlackElo "2559"]
[Annotator "ChessBase"]
[PlyCount "93"]
[EventDate "2019.12.06"]
[EventType "swiss"]
[EventCountry "EST"]
[SourceTitle "playchess.com"]
[Source "ChessBase"]
[SourceQuality "1"]

1. d4 Nf6 2. c4 e6 3. g3 c5 4. d5 exd5 5. cxd5 d6 6. Nc3 g6 7. Bg2 Bg7 8. Nf3 O-O 9. O-O a6 10. a4 Nbd7 11. Bf4 Qe7 12. Re1 Ng4 13. Bg5 Qe8 14. a5 h6 15. Bd2 Rb8 16. h3 Nge5 17. Nxe5 Nxe5 18. Qb3 Bf5 19. f4 c4 20. Qa3 b5 21. axb6 Rxb6 22. fxe5 Bxe5 23. e4 Bd7 24. Bf4 h5 25. Re2 Qe7 26. Bxe5 Qxe5 27. Nd1 Rb3 28. Qxa6 Rxg3 29. Ra3 Rxa3 30. Qxa3 Rb8 31. Qc3 Qg5 32. Qd2 Qe5 33. Nc3 Ra8 34. Re1 Rb8 35. Qf2 Qg5 36. Kh1 Qe5 37. Rf1 Be8 38. Qe2 Bd7 39. Rf2 Qd4 40. Qf3 Be8 41. Qf4 Ra8 42. Rf1 Rb8 43. Rd1 Qc5 44. e5 dxe5 45. Qxe5 Rd8 46. Ne4 Ba4 47. Nxc5 1-0

[Event "EIBCC 2019"]
[Site "Tallinn"]
[Date "2019.12.07"]
[Round "22.16"]
[White "Kanep, Meelis"]
[Black "Sebenik, Matej"]
[Result "0-1"]
[WhiteElo "2280"]
[BlackElo "2457"]
[Annotator "ChessBase"]
[PlyCount "97"]
[EventDate "2019.12.06"]
[EventType "swiss"]
[EventCountry "EST"]
[SourceTitle "playchess.com"]
[Source "ChessBase"]
[SourceQuality "1"]

1. d4 Nf6 2. Bg5 d5 3. e3 c5 4. c3 Nc6 5. Nd2 e5 6. dxe5 Nxe5 7. Ngf3 Nc6 8. c4 Be7 9. cxd5 Nxd5 10. Bxe7 Ndxe7 11. Rc1 b6 12. a3 O-O 13. Bc4 Bf5 14. Qe2 Qd6 15. O-O Rad8 16. e4 Bg4 17. Qe3 Bxf3 18. Nxf3 Nd4 19. Nxd4 Qxd4 20. Qb3 Nc6 21. Bd5 Qf6 22. Qa4 Nd4 23. Qxa7 Ne2+ 24. Kh1 Nxc1 25. Rxc1 Qxb2 26. Rf1 Kh8 27. h3 f5 28. f3 fxe4 29. Bxe4 Qe2 30. Rb1 Rd1+ 31. Rxd1 Qxd1+ 32. Kh2 Qd6+ 33. Kh1 Rd8 34. Bc2 c4 35. Qf7 c3 36. Qh5 g6 37. Qb5 Qc5 38. Qe2 Rd2 39. Qe8+ Kg7 40. Bb3 c2 41. Bxc2 Rxc2 42. Qd7+ Kf6 43. Qd8+ Ke6 44. Qg8+ Kd6 45. Qf8+ Kc6 46. Qc8+ Kb5 47. Qd7+ Kc4 48. Qa4+ Kc3 49. Kh2 0-1

[Event "EIBCC 2019"]
[Site "Tallinn"]
[Date "2019.12.07"]
[Round "22.17"]
[White "Studer, Noel"]
[Black "Nazaretyan, Tigran"]
[Result "1-0"]
[WhiteElo "2394"]
[BlackElo "2277"]
[Annotator "NA"]
[PlyCount "125"]
[EventDate "2019.12.06"]
[EventType "swiss"]
[EventCountry "EST"]
[SourceTitle "playchess.com"]
[Source "ChessBase"]
[SourceQuality "1"]

1. d4 Nf6 2. c4 d6 3. Nc3 e5 4. dxe5 dxe5 5. Qxd8+ Kxd8 6. b3 c6 7. Bb2 Kc7 8. Nf3 Nfd7 9. Ng5 f6 10. Ne6+ Kd6 11. Nxf8 Nxf8 12. O-O-O+ Kc7 13. Ba3 Be6 14. Bd6+ Kc8 15. h4 h5 16. Ne4 Bf5 17. Ng3 Bg6 18. e3 Ne6 19. Bd3 Bxd3 20. Rxd3 Na6 21. Nf5 b6 22. Ba3 Nac5 23. Rd2 Kc7 24. Rhd1 Rad8 25. Bxc5 bxc5 26. Nd6 Rhf8 27. Kb2 g6 28. Ne4 Rxd2+ 29. Rxd2 f5 30. Nc3 Rd8 31. Kc2 e4 32. Rxd8 Kxd8 33. f3 exf3 34. gxf3 Ke7 35. f4 Kd6 36. Kd3 Nc7 37. e4 Ke6 38. Na4 fxe4+ 39. Kxe4 Na6 40. a3 Kf6 41. Nb2 Nc7 42. Nd3 Ne6 43. Ne5 Nd8 44. Nd7+ Ke7 45. Nxc5 Kd6 46. Nd3 Nb7 47. b4 a5 48. c5+ Ke6 49. Ne5 axb4 50. axb4 Nd8 51. Nxg6 Kf6 52. Ne5 Ke6 53. f5+ Kf6 54. Kf4 Ke7 55. Kg5 Kf8 56. Kg6 Kg8 57. Kxh5 Kg7 58. Kg5 Kh7 59. h5 Kg7 60. h6+ Kh7 61. Kf6 Kxh6 62. Ke7 Nb7 63. f6 1-0

[Event "EIBCC 2019"]
[Site "Tallinn"]
[Date "2019.12.07"]
[Round "22.18"]
[White "Vasiliev, Georgiy"]
[Black "Seeman, Tarvo"]
[Result "0-1"]
[WhiteElo "2126"]
[BlackElo "2358"]
[Annotator "NA"]
[PlyCount "76"]
[EventDate "2019.12.06"]
[EventType "swiss"]
[EventCountry "EST"]
[SourceTitle "playchess.com"]
[Source "ChessBase"]
[SourceQuality "1"]

1. c4 g6 2. Nc3 Bg7 3. d4 Nf6 4. e4 d6 5. Nf3 O-O 6. Be2 e5 7. O-O Nbd7 8. d5 Nc5 9. Qc2 a5 10. Bg5 h6 11. Bh4 g5 12. Bg3 Nh5 13. Nd2 Nf4 14. Rfe1 f5 15. f3 Nxe2+ 16. Rxe2 f4 17. Bf2 b6 18. a3 g4 19. Ree1 a4 20. Bxc5 bxc5 21. Nxa4 h5 22. b4 cxb4 23. axb4 h4 24. fxg4 Bxg4 25. Nf3 h3 26. Nc3 Rxa1 27. Rxa1 Bf6 28. Qf2 Kh8 29. gxh3 Bh5 30. Kh1 Qd7 31. Rg1 Qxh3 32. Ng5 Bxg5 33. Rxg5 Ra8 34. Nb1 Bf3+ 35. Kg1 Bxe4 36. Nd2 Ra1+ 37. Nf1 Bd3 38. Rg2 Rxf1+ 0-1

[Event "EIBCC 2019"]
[Site "Tallinn"]
[Date "2019.12.07"]
[Round "22.19"]
[White "Postny, Evgeny"]
[Black "Kozak, Adam"]
[Result "0-1"]
[WhiteElo "2661"]
[BlackElo "2385"]
[Annotator "ChessBase"]
[PlyCount "94"]
[EventDate "2019.12.06"]
[EventType "swiss"]
[EventCountry "EST"]
[SourceTitle "playchess.com"]
[Source "ChessBase"]
[SourceQuality "1"]

1. d4 Nf6 2. c4 e6 3. Nf3 b6 4. g3 Bb7 5. Bg2 Be7 6. O-O O-O 7. Re1 Na6 8. Nc3 Ne4 9. Bf4 Nxc3 10. bxc3 d6 11. e4 Nb8 12. Qc2 Nd7 13. Rad1 g6 14. h4 Bf6 15. e5 dxe5 16. dxe5 Bg7 17. h5 Qe8 18. hxg6 fxg6 19. Ng5 Bxg2 20. Kxg2 Nc5 21. Be3 Qc6+ 22. f3 Rf5 23. Bxc5 Rxg5 24. Bd4 Rf8 25. Qe4 Qxc4 26. f4 Rg4 27. Kf3 h5 28. Bf2 Qxc3+ 29. Rd3 Qc2 30. Rd7 Qxe4+ 31. Rxe4 g5 32. Rxc7 gxf4 33. gxf4 Bh6 34. Be3 Rg7 35. Rec4 Rxc7 36. Rxc7 Rf7 37. Rc8+ Bf8 38. Ke4 h4 39. Rc2 h3 40. Rh2 Rh7 41. Kf3 Kf7 42. Kg4 Kg6 43. Bf2 Bc5 44. Bxc5 bxc5 45. Kg3 Kf5 46. Kf3 c4 47. Kg3 c3 0-1

[Event "EIBCC 2019"]
[Site "Tallinn"]
[Date "2019.12.07"]
[Round "22.20"]
[White "Saric, Ante"]
[Black "Mustaps, Matiss"]
[Result "1/2-1/2"]
[WhiteElo "2577"]
[BlackElo "2361"]
[Annotator "ChessBase"]
[PlyCount "148"]
[EventDate "2019.12.06"]
[EventType "swiss"]
[EventCountry "EST"]
[SourceTitle "playchess.com"]
[Source "ChessBase"]
[SourceQuality "1"]

1. Nf3 Nf6 2. g3 g6 3. b3 Bg7 4. Bb2 d6 5. d4 O-O 6. Bg2 a6 7. O-O Nc6 8. c4 Rb8 9. d5 Na5 10. Nc3 c5 11. dxc6 bxc6 12. Qc1 Nb7 13. Nd4 Na5 14. Nxc6 Nxc6 15. Bxc6 Qa5 16. Bg2 Be6 17. Rd1 Rfc8 18. Qd2 Qh5 19. Rac1 Ng4 20. h3 Nf6 21. g4 Qh4 22. e3 h5 23. f3 hxg4 24. hxg4 Bh6 25. Qf2 Qxf2+ 26. Kxf2 Bxc4 27. Nb1 Be6 28. Bxf6 exf6 29. Rxc8+ Rxc8 30. Rxd6 Rc2+ 31. Rd2 Rc1 32. Na3 Rc3 33. Re2 Bf8 34. Nc2 Bc5 35. Rd2 Bb6 36. Nd4 Bxd4 37. exd4 Bd5 38. f4 Bxg2 39. Kxg2 Kf8 40. d5 Ke7 41. d6+ Kd7 42. Kf2 a5 43. g5 fxg5 44. fxg5 a4 45. b4 a3 46. Ke2 Rc4 47. b5 Rb4 48. Rd5 Rb2+ 49. Rd2 Rxb5 50. Ke3 Rxg5 51. Kf4 Rf5+ 52. Ke4 Rb5 53. Rd3 Ra5 54. Kf4 f6 55. Kg4 Ra4+ 56. Kf3 g5 57. Kg3 Ra6 58. Kg4 Rxd6 59. Rxa3 Rd4+ 60. Kf5 Rf4+ 61. Kg6 g4 62. Rd3+ Ke6 63. Re3+ Kd5 64. Re1 g3 65. Rg1 Rf3 66. Kh5 f5 67. Kh4 f4 68. a4 Ke4 69. Kg4 Ra3 70. a5 Rxa5 71. Re1+ Kd3 72. Kxf4 g2 73. Rg1 Ra4+ 74. Kf3 Kd4 1/2-1/2

[Event "EIBCC 2019"]
[Site "Tallinn"]
[Date "2019.12.07"]
[Round "22.21"]
[White "Schneider, Ilja"]
[Black "Blohberger, Felix"]
[Result "1-0"]
[WhiteElo "2483"]
[BlackElo "2330"]
[Annotator "ChessBase"]
[PlyCount "65"]
[EventDate "2019.12.06"]
[EventType "swiss"]
[EventCountry "EST"]
[SourceTitle "playchess.com"]
[Source "ChessBase"]
[SourceQuality "1"]

1. e4 e5 2. Nf3 Nf6 3. Nc3 Nc6 4. d4 exd4 5. Nxd4 Bb4 6. Nxc6 bxc6 7. Bd3 d5 8. exd5 cxd5 9. O-O O-O 10. h3 Rb8 11. Qf3 c6 12. Bf4 Bd6 13. b3 Qc7 14. Bxd6 Qxd6 15. Rad1 Bd7 16. Qg3 Qc5 17. Na4 Qa3 18. Qc7 Ra8 19. Rfe1 Rfc8 20. Qf4 c5 21. Bf5 Bxf5 22. Qxf5 c4 23. g4 h6 24. h4 cxb3 25. axb3 Qb4 26. g5 hxg5 27. hxg5 Ne4 28. g6 Nf6 29. gxf7+ Kxf7 30. Qe6+ Kf8 31. c3 Qxb3 32. Nc5 Re8 33. Qxe8+ 1-0

[Event "EIBCC 2019"]
[Site "Tallinn"]
[Date "2019.12.07"]
[Round "22.22"]
[White "Grewenig, Jan"]
[Black "Potapov, Pavel"]
[Result "1-0"]
[WhiteElo "2305"]
[BlackElo "2464"]
[Annotator "ChessBase"]
[PlyCount "81"]
[EventDate "2019.12.06"]
[EventType "swiss"]
[EventCountry "EST"]
[SourceTitle "playchess.com"]
[Source "ChessBase"]
[SourceQuality "1"]

1. e4 c5 2. Nf3 Nc6 3. d4 cxd4 4. Nxd4 e5 5. Nb5 d6 6. N1c3 a6 7. Na3 Be7 8. Be3 Nf6 9. Nc4 Be6 10. Nb6 Rb8 11. f3 O-O 12. Qd2 Nd7 13. Ncd5 Bxd5 14. Nxd5 Nf6 15. Nb6 Qc7 16. O-O-O Rfd8 17. Kb1 Nd4 18. Bxd4 exd4 19. Qxd4 d5 20. Nxd5 Nxd5 21. exd5 Bf6 22. Qc4 Qe5 23. Qb3 b5 24. g3 a5 25. f4 Qd6 26. Bxb5 Rxb5 27. Qxb5 Rb8 28. Qc6 Rxb2+ 29. Kc1 Qb8 30. d6 h6 31. Rhe1 Rb1+ 32. Kd2 Qb4+ 33. Ke2 Rb2 34. d7 Kh7 35. Kf1 Qa3 36. d8=Q Bxd8 37. Rxd8 Qxa2 38. Qe4+ g6 39. Qe5 Qc4+ 40. Re2 Rb1+ 41. Kf2 1-0

[Event "EIBCC 2019"]
[Site "Tallinn"]
[Date "2019.12.07"]
[Round "22.24"]
[White "Galopoulos, Nikolaos"]
[Black "Neff, Sergei"]
[Result "1-0"]
[WhiteElo "2429"]
[BlackElo "2160"]
[Annotator "NA"]
[PlyCount "43"]
[EventDate "2019.12.06"]
[EventType "swiss"]
[EventCountry "EST"]
[SourceTitle "playchess.com"]
[Source "ChessBase"]
[SourceQuality "1"]

1. d4 e6 2. g3 Nf6 3. c4 Bb4+ 4. Nd2 O-O 5. Bg2 a5 6. e4 d6 7. Ne2 e5 8. O-O Nc6 9. d5 Ne7 10. Nb3 a4 11. Bd2 axb3 12. Bxb4 bxa2 13. Qb3 c5 14. Bd2 Bd7 15. Rxa2 Rxa2 16. Qxa2 b5 17. b3 Qb6 18. Ra1 Rb8 19. Nc3 bxc4 20. bxc4 h6 21. h3 Qb3 22. Rb1 1-0

[Event "EIBCC 2019"]
[Site "Tallinn"]
[Date "2019.12.07"]
[Round "22.25"]
[White "Zelbel, Patrick"]
[Black "Dordzhieva, Dinara"]
[Result "1/2-1/2"]
[WhiteElo "2425"]
[BlackElo "2222"]
[Annotator "NA"]
[PlyCount "103"]
[EventDate "2019.12.06"]
[EventType "swiss"]
[EventCountry "EST"]
[SourceTitle "playchess.com"]
[Source "ChessBase"]
[SourceQuality "1"]

1. e4 c5 2. c3 d5 3. exd5 Qxd5 4. Nf3 Nf6 5. Na3 Nc6 6. Bc4 Qd8 7. O-O Bg4 8. Qb3 e6 9. Qxb7 Bxf3 10. gxf3 Rc8 11. Bb5 Qd7 12. Qxd7+ Nxd7 13. Nc4 Be7 14. d3 O-O 15. Bf4 e5 16. Bxc6 Rxc6 17. Nxe5 Nxe5 18. Bxe5 Rb6 19. b3 Rd8 20. Rad1 Ra6 21. a4 Rb6 22. Bc7 Rg6+ 23. Kh1 Rd7 24. Ba5 Ra6 25. b4 cxb4 26. cxb4 Rd4 27. Rfe1 Rd7 28. Re4 h6 29. Kg2 Kh7 30. Kf1 Rg6 31. b5 Bc5 32. d4 f5 33. Rf4 Bd6 34. Rxf5 Bxh2 35. Bc3 Re7 36. Re5 Bxe5 37. dxe5 Rc7 38. Bd4 Re6 39. a5 Rb7 40. b6 axb6 41. axb6 Rbxb6 42. Bxb6 Rxb6 43. Kg2 Kg6 44. Rd7 Re6 45. f4 Kf5 46. Kf3 g5 47. fxg5 hxg5 48. Rd5 Rxe5 49. Rxe5+ Kxe5 50. Kg4 Kf6 51. f4 gxf4 52. Kxf4 1/2-1/2

[Event "EIBCC 2019"]
[Site "Tallinn"]
[Date "2019.12.07"]
[Round "22.26"]
[White "Rocha, Sergio"]
[Black "Mohr, Georg"]
[Result "1/2-1/2"]
[WhiteElo "2249"]
[BlackElo "2458"]
[Annotator "ChessBase"]
[PlyCount "124"]
[EventDate "2019.12.06"]
[EventType "swiss"]
[EventCountry "EST"]
[SourceTitle "playchess.com"]
[Source "ChessBase"]
[SourceQuality "1"]

1. Nf3 c5 2. c4 g6 3. Nc3 Bg7 4. e3 d6 5. b3 Nf6 6. Bb2 O-O 7. Be2 Nc6 8. d4 cxd4 9. exd4 d5 10. h3 h6 11. O-O Be6 12. c5 Ne4 13. a3 Bf5 14. b4 a6 15. Na4 Qc7 16. Nb6 Rad8 17. Qb3 Be6 18. Rad1 f5 19. a4 Bf7 20. b5 axb5 21. axb5 Nb8 22. Ra1 Nd7 23. Nxd7 Qxd7 24. b6 Ra8 25. Ra7 Rab8 26. Bb5 Qe6 27. Re1 g5 28. Ne5 Bxe5 29. dxe5 Nxc5 30. Qb4 Qxb6 31. Bd4 Qxa7 32. Bxc5 b6 33. Bxe7 Rfe8 34. Bxe8 Rxe8 35. Bf6 Qd7 36. h4 g4 37. Qxb6 Be6 38. Rc1 Rc8 39. Rxc8+ Qxc8 40. g3 Kf7 41. h5 Bd7 42. Qd6 Qe8 43. Qxd5+ Be6 44. Qd2 Qf8 45. Kh2 Kg8 46. Qf4 Kh7 47. Qd4 Qf7 48. Kg1 Qxh5 49. Qd8 Qf7 50. Qh8+ Kg6 51. Kh2 Qa7 52. Kg1 Qa1+ 53. Kh2 Qa7 54. Kg1 Qd7 55. Bh4 Qg7 56. Qe8+ Qf7 57. Qd8 f4 58. gxf4 Kf5 59. Qd3+ Kxf4 60. Bf6 Qb7 61. Qe3+ Kf5 62. Qxh6 Qb1+ 1/2-1/2

[Event "EIBCC 2019"]
[Site "Tallinn"]
[Date "2019.12.07"]
[Round "22.27"]
[White "Troyke, Christian"]
[Black "Frischmann, Rick"]
[Result "0-1"]
[WhiteElo "2247"]
[BlackElo "2450"]
[Annotator "ChessBase"]
[PlyCount "58"]
[EventDate "2019.12.06"]
[EventType "swiss"]
[EventCountry "EST"]
[SourceTitle "playchess.com"]
[Source "ChessBase"]
[SourceQuality "1"]

1. g3 d5 2. Bg2 Nc6 3. c4 d4 4. d3 e5 5. Nf3 f5 6. O-O Nf6 7. b4 e4 8. dxe4 fxe4 9. Ng5 Bf5 10. Nd2 Bxb4 11. Ndxe4 O-O 12. Qb3 Nxe4 13. Nxe4 Rb8 14. Bb2 Qe8 15. f3 Kh8 16. Rad1 Rd8 17. a3 Be7 18. Qxb7 Rb8 19. Qxc7 Rxb2 20. f4 Bd8 21. Nd6 Qxe2 22. Qxc6 Bh3 23. Qf3 Qxg2+ 24. Qxg2 Rxg2+ 25. Kh1 Re2 26. Rfe1 d3 27. c5 Ba5 28. Nf7+ Kg8 29. Ng5 Rxe1+ 0-1

[Event "EIBCC 2019"]
[Site "Tallinn"]
[Date "2019.12.07"]
[Round "22.28"]
[White "Snihur, Piotr"]
[Black "Sipila, Vilka"]
[Result "1/2-1/2"]
[WhiteElo "2202"]
[BlackElo "2422"]
[Annotator "NA"]
[PlyCount "63"]
[EventDate "2019.12.06"]
[EventType "swiss"]
[EventCountry "EST"]
[SourceTitle "playchess.com"]
[Source "ChessBase"]
[SourceQuality "1"]

1. d4 d6 2. e4 Nf6 3. Nc3 e6 4. Bc4 Nxe4 5. Nxe4 d5 6. Bd3 dxe4 7. Bxe4 Be7 8. Nf3 O-O 9. O-O Nd7 10. c3 c5 11. Be3 Nf6 12. Bc2 Nd5 13. Qd3 g6 14. Bh6 Re8 15. Rad1 cxd4 16. Qxd4 Bf6 17. Qe4 Bd7 18. Ne5 Rc8 19. Nxd7 Qxd7 20. Ba4 b5 21. Bb3 Bg7 22. Bxg7 Kxg7 23. Bxd5 exd5 24. Qd4+ Kg8 25. Qxd5 Qxd5 26. Rxd5 a6 27. Rd2 Rc4 28. f3 b4 29. cxb4 Rxb4 30. Kf2 a5 31. b3 a4 32. bxa4 1/2-1/2

[Event "EIBCC 2019"]
[Site "Tallinn"]
[Date "2019.12.07"]
[Round "22.29"]
[White "Sorensen, Hampus"]
[Black "Volodin, Aleksandr"]
[Result "0-1"]
[WhiteElo "2196"]
[BlackElo "2401"]
[Annotator "NA"]
[PlyCount "128"]
[EventDate "2019.12.06"]
[EventType "swiss"]
[EventCountry "EST"]
[SourceTitle "playchess.com"]
[Source "ChessBase"]
[SourceQuality "1"]

1. d4 Nf6 2. c4 c5 3. d5 b5 4. Qc2 g6 5. e4 d6 6. Nf3 Bg7 7. cxb5 a6 8. Nc3 O-O 9. a4 e6 10. dxe6 fxe6 11. e5 Nd5 12. exd6 Bb7 13. Be2 Nb4 14. Qd1 axb5 15. O-O bxa4 16. Rxa4 N8c6 17. Rxa8 Bxa8 18. Bg5 Qd7 19. Ne4 Nd4 20. Nxc5 Qxd6 21. Nxd4 Qxc5 22. Be3 Nd5 23. b4 Qxb4 24. Nxe6 Nc3 25. Qc2 Nxe2+ 26. Qxe2 Qe4 27. Nf4 Rxf4 28. f3 Qxe3+ 29. Qxe3 Bd4 30. Qxd4 Rxd4 31. Ra1 Bc6 32. Ra2 Rd7 33. h3 Kg7 34. Kh2 Re7 35. h4 Bb5 36. Kg3 Bc4 37. Rb2 Bd3 38. Ra2 Kf6 39. Rb2 Bf1 40. Kf2 Bc4 41. Kg3 Re2 42. Rb6+ Kg7 43. Rb7+ Bf7 44. Ra7 Ra2 45. Rb7 Re2 46. Ra7 Rd2 47. Rb7 Kf6 48. Rb6+ Be6 49. Ra6 h5 50. Rb6 Ra2 51. Kh2 Kf7 52. Rb7+ Kg8 53. Rb8+ Kg7 54. Rb7+ Kh6 55. Rc7 Bf5 56. Rc3 Rc2 57. Re3 Rd2 58. Kg1 Kg7 59. Ra3 Rd4 60. Ra7+ Kf6 61. Ra6+ Kg7 62. Ra7+ Kh6 63. g3 Rd2 64. Ra3 Rd3 0-1